000
00296nam a22001217a 4500
082
_a
923.6 RIF
100
_a
RIFFAT ABBAS
_9
69353
245
_a
ABDUL SATTAR EDHI
260
_a
LAHORE
_b
JUNG PUBLISHER PRESS
_c
1996
300
_a
228P
650
_a
BIOGRAPHY-ABDUL SATTAR EDHI
_9
69354
942
_c
BK
999
_c
576679
_d
576679